书目信息 |
| 题名: |
过程工程原理
|
|
| 作者: | 谭天恩 , 李伟 编著 | |
| 分册: | ||
| 出版信息: | 北京 化学工业出版社 2004.08 |
|
| 页数: | 358页 | |
| 开本: | 26cm | |
| 丛书名: | ||
| 单 册: | ||
| 中图分类: | TQ021 | |
| 科图分类: | ||
| 主题词: | 化工过程--过程控制 | |
| 电子资源: | ||
| ISBN: | 7-5025-5760-1 | |
| 000 | 00882nam0 2200265 450 | |
| 001 | 010257075530 | |
| 005 | 20050901231526.21 | |
| 010 | @a7-5025-5760-1@dCNY39.00 | |
| 100 | @a20050528d2004 km y0chiy0120 ea | |
| 101 | 0 | @achi |
| 102 | @aCN@b110000 | |
| 105 | @aa a 000yy | |
| 200 | 1 | @a过程工程原理@Aguo cheng gong cheng yuan li@e化工原理@f谭天恩, 李伟等编著@Ftan tian en,li wei deng bian zhu |
| 210 | @a北京@c化学工业出版社@d2004.08 | |
| 215 | @a358页@c图@d26cm | |
| 320 | @a有书目 (第317-318页)。 | |
| 330 | @a本书包括流体流动、流体输送机械、非均相物系的分离、传热、吸收、蒸馏、干燥及其他分离过程, 共8章。 | |
| 333 | @a高等学校教材 | |
| 517 | 1 | @a化工原理@Ahua gong yuan li |
| 606 | 0 | @a化工过程@x过程控制 |
| 690 | @aTQ021@v4 | |
| 701 | 0 | @a谭天恩@Atan tian en@4编著 |
| 701 | 0 | @a李伟@Ali wei@4编著 |
| 801 | 0 | @aCN@bQSSK@c20050901 |
| 905 | @a10447@dTQ021@eT120 | |
| 过程工程原理:化工原理/谭天恩, 李伟等编著.-北京:化学工业出版社,2004.08 |
| 358页:图;26cm |
| 使用对象:高等学校教材 |
| ISBN 7-5025-5760-1:CNY39.00 |
| 本书包括流体流动、流体输送机械、非均相物系的分离、传热、吸收、蒸馏、干燥及其他分离过程, 共8章。 |
| ● |
| 相关链接 |
|
|
|
正题名:过程工程原理
索取号:TQ021/T120
 
预约/预借
| 序号 | 登录号 | 条形码 | 馆藏地/架位号 | 状态 | 备注 |
| 1 | 567679 | 205676794 | 自科库501/501自科库 137排8列4层/ [索取号:TQ021/T120] | 在馆 | |
| 2 | 567680 | 205676801 | 材料与化工学院资料室/ [索取号:TQ021/T120] | 在馆 | |
| 3 | 567681 | 205676810 | 自科库501/501自科库 137排8列4层/ [索取号:TQ021/T120] | 在馆 |